Los Desafíos en la política exterior /
Al haber un clima de distensión en Centroamérica con el triunfo de Violeta de Chamorro en Nicaragua y el derrocamiento de Noriega en Panamá, la administración de Calderón Fournier tiene cuatro campos donde puede ensayar iniciativas novedosas en política exterior: 1.- dar continuidad al proceso de ne...
Đã lưu trong:
| Tác giả chính: | |
|---|---|
| Định dạng: | Texto |
| Ngôn ngữ: | Spanish |
| Những chủ đề: | |
| Các nhãn: |
Thêm thẻ
Không có thẻ, Là người đầu tiên thẻ bản ghi này!
|
MARC
| LEADER | 00000 a a2200000 04500 | ||
|---|---|---|---|
| 001 | 4002 | ||
| 003 | cru CIDCACS/IIS | ||
| 005 | 20231109133508.0 | ||
| 008 | 231109b |||||||| |||| 00| 0 spa d | ||
| 040 | |c cru CIDCACS/IIS | ||
| 100 | |a Sojo Obando, Carlos | ||
| 245 | |a Los Desafíos en la política exterior / |c Carlos Sojo Obando | ||
| 500 | |a Colección Centroamérica | ||
| 520 | |a Al haber un clima de distensión en Centroamérica con el triunfo de Violeta de Chamorro en Nicaragua y el derrocamiento de Noriega en Panamá, la administración de Calderón Fournier tiene cuatro campos donde puede ensayar iniciativas novedosas en política exterior: 1.- dar continuidad al proceso de negociación regional en búsqueda de soluciones al problema de la guerra en El Salvador y al irrespeto a los derechos humanos en Guatemala |a 2.- impulsar "Esquipulas Económica": esto es comprometer a inversionistas y a diferentes gobiernos en un esfuerzo de construcción de condiciones materiales para garantizar la paz |a 3.- propiciar soluciones conjuntas a nivel regional para la negociación de la deuda externa |a 4.- propiciar un proceso de reflexión y búsqueda desde América Latina y Centroamérica de los mejores medios para enfrentar el problema del narcotráfico (alternativas de control de la producción y el consumo), de las formas más efectivas de represión y autodefensa social que no sean simples aplicaciones de las recetas de los expertos del mundo desarrollo. AR/MR | ||
| 650 | |a POLITICA EXTERIOR | ||
| 650 | |a RELACIONES INTERNACIONALES | ||
| 650 | |a DEUDA EXTERNA | ||
| 650 | |a COOPERACION ECONOMICA | ||
| 773 | |g número 34; páginas 30-33 | ||
| 773 | 0 | |0 19245 |9 4703 |a Centro de Estudios para la Acción Social |d San José, Costa Rica: CEPAS |o 04695 |t Costa Rica: | |
| 942 | |2 ddc |c PP | ||
| 999 | |c 31814 |d 31814 | ||
